Orthodox, Protestant or Catholic? - Statistics

General Stats
  • This quiz has been taken 267 times
    199 since last reset
  • The average score is 13 of 18
Answer Stats
Hint Answer % Correct
Mexico Catholic
96%
Greece Orthodox
93%
Poland Catholic
86%
Egypt Orthodox
86%
France Catholic
85%
Belarus Orthodox
85%
U.K. Protestant
85%
Ethiopia Orthodox
83%
Romania Orthodox
80%
Bosnia & Herzegovina Orthodox
75%
Hungary Catholic
74%
Denmark Protestant
71%
Czechia Catholic
70%
Lithuania Catholic
59%
China Protestant
57%
Germany Catholic
40%
Switzerland Protestant
37%
Estonia Protestant
34%
No matching quizzes found
Score Distribution
Percent of People with Each Score
Percentile by Number Answered
Your Score History
You have not taken this quiz since the last reset